| 000 | 00743nam a2200217Ia 4500 | ||
|---|---|---|---|
| 001 | 3251 | ||
| 003 | GE_BSU | ||
| 008 | 181216s||||||||xx |||||||||||||| ||und|| | ||
| 040 | _cGE_BSU | ||
| 080 | _a624.012.45(075.32) | ||
| 100 | _aЦай,Т.Н. | ||
| 245 | _aСтроительные конструкции в двух томах. Том 2. Железобетонные конструкции. | ||
| 245 | _bУчебник. | ||
| 250 | _aИзд второе, переработанное и дополненное. | ||
| 260 | _aМ. | ||
| 260 | _bСтройиздат. | ||
| 260 | _c1985. | ||
| 300 | _a462 стр. с илл. 22 см. | ||
| 653 | _aСтроительные конструкции в двух томах. | ||
| 942 | _cBK | ||
| 999 |
_c37292 _d37292 |
||